On religion: speeches to its cultured despisers
Spremljeno u:
| Glavni autor: | |
|---|---|
| Format: | Knjiga |
| Jezik: | engleski |
| Izdano: |
Nueva York
Harper & Row
1958
|
| Serija: | Harper Torchbooks
|
| Teme: | |
| Oznake: |
Dodaj oznaku
Bez oznaka, Budi prvi tko označuje ovaj zapis!
|
MARC
| LEADER | 00000nam a2200000 a 4500 | ||
|---|---|---|---|
| 001 | UCZ5317 | ||
| 003 | CL-VaPUC | ||
| 008 | 951117e19580000US |||||||||||||||||eng|d | ||
| 082 | 0 | 4 | |a 210 |b SCH |2 21 |
| 100 | 0 | |a Schleiermacher, Friedrich |e author |9 349266 | |
| 245 | 1 | 0 | |a On religion: speeches to its cultured despisers |
| 300 | |a 287 p | ||
| 942 | |c BK | ||
| 945 | |d 19951117 00:00:00 |a lriquelm | ||
| 260 | |a Nueva York |b Harper & Row |c 1958 | ||
| 650 | 0 | |a Religión |9 255164 | |
| 650 | 7 | |a DOCTRINAS RELIGIOSAS |2 CL-VaPUC |9 337177 | |
| 650 | 0 | |a Creencia Religiosa |9 316904 | |
| 650 | 0 | |a Teología |9 258766 | |
| 583 | |a last modification |c 19951117 00:00:00 |k Rodrigo Vera | ||
| 490 | 0 | |a Harper Torchbooks | |
| 999 | |c 241636 |d 241634 | ||
| 952 | |0 0 |1 0 |4 0 |6 210_000000000000000_SCH_1958 |7 0 |8 P |9 254015 |a BIBEDU |b BIBEDU |c BIBEDU_PB |d 2019-11-19 |i 1571389 |o 210 SCH 1958 |p 1571389 |r 2019-11-19 |w 2019-11-19 |y BK |k FIL | ||